000 01416namaa22003251i 4500
005 20260318105142.0
008 260318s1995 ua a|||frm||| 000 0 eng d
040 _aEG-GICUC
_beng
_cEG-GICUC
_dEG-GICUC
_erda
041 0 _aeng
_beng
_bara
049 _aDeposit
097 _aM.Sc
099 _aCai01.07.04.M.Sc.1995.Am.B.
100 0 _aAmal Amin Mohamed,
_epreparation.
245 1 0 _aBiochemical Studies On Enzymes Activity In Relation To Deficiency Of Some Trace Elements In Plants /
_cBy Amal Amin Mohamed; Approved By Dr. A.M.Youssf, Dr. Emam A. EL-Mobde, Dr. Farok K. El-Baz.
246 1 5 _aدراسات كيميائية حيوية على العلاقة بين النشط الأنزيمي ونقص بعض العناصر الصغرى في النبات /
264 0 _c1995.
300 _a151 pages :
_billustrations ;
_c30 cm. +
336 _2rda content
_atext
337 _2rdamedia
_aUnmediated
338 _2rdacarrier
_avolume
502 _aThesis (M.Sc.) -Cairo University, 1995.
504 _aBibliography: pages 135-151.
653 0 _aBiochemistry
700 0 _aA.M.Youssf
_ethesis advisor.
700 0 _aEmam A. EL-Mobde
_ethesis advisor.
700 0 _aFarok K. El-Baz
_ethesis advisor.
900 _DDepartment of Biochemistry
_FFaculty of Agriculture
_UCairo University
_b1995
_cA.M.Youssf
_cEmam A. EL-Mobde
_cFarok K. El-Baz
905 _aEman El gebaly
942 _2ddc
_cTH
_e21
_n0
999 _c179061